000 00867cam a2200217 4500
001 ABS62387
008 000000n2000 000 0 eng u
035 _a(Sirsi) u106115
245 _aAlternative land use
260 _c2000
490 _aFarm Development Review
_v14(3) January 2000 (LOAN)
520 _aDiscusses the key points of the Tourism Council/Countryside Agency "Rural tourism: working for the countryside" paper, notes the rise in goat fibre prices, looks at the British Free Range Egg Marketing Company's campaign, advises tenant farmers of diversification concluding with the Agriculture Development Scheme grants.
590 _aABS
650 _aDIVERSIFICATION
650 _aMOHAIR
650 _aAGRICULTURE DEVELOPMENT SCHEME
650 _aTENANT FARMERS
650 _aTOURISM
690 _aRURAL-FARM BUSINESS MANAGEMENT
942 _n0
999 _c63573
_d63573